000 00743nam a2200265Ia 4500
005 20260302115234.0
008 008 260114s9999 xx 000 0 eng d
020 _a9798216960584
037 _aTextbook
040 _aCRL
040 _beng
040 _cCRL
041 _2eng
041 _aeng
084 _qCRL
100 _aBruce L. Edwards (ed)
_91121084
245 0 _aC. S. Lewis Life, Works, and Legacy, Volume 4, Scholar, Teacher, and Public Intellectual
260 _bBloomsbury
260 _bBloomsbury Academic
260 _c2007
650 _aLaw
856 _uhttps://www.bloomsburycollections.com/encyclopedia-work?docid=NFSMVSetsTXTNA_reference_9798400622809
942 _cEBOOK
999 _c1685468
_d1685468